5HLuxD.jpg

KING HENRY VIII SENIOR AND PRIMARY SCHOOL LIBRARY OPAC

Belle the birthday fairy / (Record no. 1294)

000 -LEADER
fixed length control field 01543cam a22003977a 4500
001 - CONTROL NUMBER
control field 17785537
003 - CONTROL NUMBER IDENTIFIER
control field OSt
005 - DATE AND TIME OF LATEST TRANSACTION
control field 20221228093252.0
008 - FIXED-LENGTH DATA ELEMENTS--GENERAL INFORMATION
fixed length control field 130620s2012 nyuab j 000 1 eng d
010 ## - LIBRARY OF CONGRESS CONTROL NUMBER
LC control number 2012285794
020 ## - INTERNATIONAL STANDARD BOOK NUMBER
International Standard Book Number 9780545270540 (pbk.)
035 ## - SYSTEM CONTROL NUMBER
System control number (OCoLC)ocn727710124
040 ## - CATALOGING SOURCE
Original cataloging agency BTCTA
Language of cataloging eng
Transcribing agency BTCTA
Modifying agency GO3
-- IMT
-- IEP
-- JAG
-- RNL
-- BDX
-- AZFX8
-- CVA
-- DLC
-- KH8
042 ## - AUTHENTICATION CODE
Authentication code lccopycat
082 04 - DEWEY DECIMAL CLASSIFICATION NUMBER
Classification number FIC MEA
Edition number 22
100 1# - MAIN ENTRY--PERSONAL NAME
Personal name Meadows, Daisy.
Relator term Author
245 10 - TITLE STATEMENT
Title Belle the birthday fairy /
Statement of responsibility, etc. by Daisy Meadows.
250 ## - EDITION STATEMENT
Edition statement Rainbow Magic Special ed.
260 ## - PUBLICATION, DISTRIBUTION, ETC.
Place of publication, distribution, etc. New York :
Name of publisher, distributor, etc. Scholastic,
Date of publication, distribution, etc. [2012].
300 ## - PHYSICAL DESCRIPTION
Extent 161 p. :
Other physical details ill., map ;
Dimensions 20 cm.
490 0# - SERIES STATEMENT
Series statement Rainbow magic
505 0# - FORMATTED CONTENTS NOTE
Formatted contents note The birthday book -- The birthday candle -- The birthday present.
520 ## - SUMMARY, ETC.
Summary, etc. When a perpetually disgruntled Jack Frost steals Belle the Birthday Fairy's three magic presents to ensure that no one will have a happy birthday, Rachel and Kirsty lend their assistance to recover the stolen magical objects.
521 1# - TARGET AUDIENCE NOTE
Target audience note 006-009.
521 8# - TARGET AUDIENCE NOTE
Target audience note RL2.
600 00 - SUBJECT ADDED ENTRY--PERSONAL NAME
Personal name Jack Frost
Titles and other words associated with a name (Legendary character)
Form subdivision Juvenile fiction.
650 #0 - SUBJECT ADDED ENTRY--TOPICAL TERM
Topical term or geographic name entry element Tate, Kirsty (Fictitious character)
Form subdivision Juvenile fiction.
650 #0 - SUBJECT ADDED ENTRY--TOPICAL TERM
Topical term or geographic name entry element Walker, Rachel (Fictitious character)
Form subdivision Juvenile fiction.
650 #0 - SUBJECT ADDED ENTRY--TOPICAL TERM
Topical term or geographic name entry element Fairies
Form subdivision Juvenile fiction.
650 #0 - SUBJECT ADDED ENTRY--TOPICAL TERM
Topical term or geographic name entry element Birthday parties
Form subdivision Juvenile fiction.
650 #0 - SUBJECT ADDED ENTRY--TOPICAL TERM
Topical term or geographic name entry element Magic
Form subdivision Juvenile fiction.
650 #1 - SUBJECT ADDED ENTRY--TOPICAL TERM
Topical term or geographic name entry element Fairies
Form subdivision Fiction.
650 #1 - SUBJECT ADDED ENTRY--TOPICAL TERM
Topical term or geographic name entry element Fantasy.
906 ## - LOCAL DATA ELEMENT F, LDF (RLIN)
a 7
b cbc
c copycat
d 2
e ncip
f 20
g y-gencatlg
942 ## - ADDED ENTRY ELEMENTS (KOHA)
Source of classification or shelving scheme
Koha item type Books - Fiction
Holdings
Withdrawn status Lost status Source of classification or shelving scheme Damaged status Not for loan Collection code Permanent Location Current Location Shelving location Date acquired Total Checkouts Full call number Barcode Date last seen Date last checked out Price effective from Koha item type
          Fiction KH8 Primary School Library KH8 Primary School Library Fiction 2022-12-28 7 FIC MEA KHPL000003072 2025-12-05 2025-02-12 2022-12-28 Books - Fiction

Powered By KH8 IT Dept